[Event "AUTO-INT-729"]
[Site "http://www.queenalice.com/game.php?id=325188"]
[Date "2007.12.24"]
[Round "1"]
[White "gianfelippe"]
[Black "yorkrunnerxctrack"]
[Result "0-1"]
[WhiteElo "1292"]
[BlackElo "1529"]

1. e4 e5 2. Bb5 Nf6 3. Nf3 Nc6 4. Nc3 Bb4 5. O-O d6 6. d4 O-O 7. dxe5 dxe5 8.
Qxd8 Rxd8 9. Bxc6 bxc6 10. Nxe5 Bc5 11. Nxc6 Ng4 12. Nd1 Rd6 13. Ne7+ Kf8 14.
Nxc8 Rxc8 15. Bf4 Rf6 16. g3 Re8 17. Bxc7 Rxe4 18. a3 Re2 19. b4 Bxf2+ 20. Kh1
Rh6 21. Nxf2 Rxh2+ 22. Kg1 Rxc2 23. Nxg4 Rcg2# 0-1

[Event "AUTO-INT-747"]
[Site "http://www.queenalice.com/game.php?id=333616"]
[Date "2008.1.9"]
[Round "1"]
[White "conqueror"]
[Black "yorkrunnerxctrack"]
[Result "1-0"]
[WhiteElo "1769"]
[BlackElo "1692"]

1. d4 d5 2. c4 Nf6 3. Nc3 e6 4. Bg5 Nbd7 5. Nf3 h6 6. Bh4 g5 7. Bg3 dxc4 8. e3
Bb4 9. Be5 Nb6 10. Be2 Qe7 11. O-O Bd7 12. Qc2 O-O-O 13. Nd1 Ba4 14. b3 cxb3 15.
axb3 Bc6 16. Rxa7 g4 17. Nd2 Rhg8 18. Bf4 h5 19. Nc4 Nbd5 20. Be5 Kb8 21. Qa2
Kc8 22. Ra8+ Kd7 23. Rxd8+ Kxd8 24. Bd3 h4 25. e4 b5 26. exd5 bxc4 27. dxc6 cxd3
28. Bxf6 Qxf6 29. Qa8+ Ke7 30. Qxg8 d2 31. Qb8 Qxd4 32. Qxc7+ Kf6 33. Qb7 g3 34.
h3 Bc5 35. c7 gxf2+ 36. Kh1 Qd3 37. Qf3+ 1-0

[Event "AUTO-INT-747"]
[Site "http://www.queenalice.com/game.php?id=333617"]
[Date "2008.1.9"]
[Round "1"]
[White "yorkrunnerxctrack"]
[Black "conqueror"]
[Result "1-0"]
[WhiteElo "1686"]
[BlackElo "1772"]

1. e4 d5 2. Nc3 d4 3. Nd5 c6 4. Nf4 Nf6 5. d3 e5 6. Nfe2 Bg4 7. f3 Bh5 8. g4 Bg6
9. Nh3 h6 10. g5 Nh5 11. f4 exf4 12. Nexf4 Nxf4 13. Bxf4 h5 14. e5 Be7 15. Rg1
Bf5 16. Nf2 g6 17. Qf3 O-O 18. a3 Re8 19. O-O-O Nd7 20. Re1 Be6 21. Ne4 Bd5 22.
Bh3 Nc5 23. b4 Nxe4 24. dxe4 Bc4 25. e6 f6 26. gxf6 Bxf6 27. Rxg6+ Kf8 28. Bh6+
Ke7 29. Qxf6+ 1-0

[Event "AUTO-INT-747"]
[Site "http://www.queenalice.com/game.php?id=333632"]
[Date "2008.1.9"]
[Round "1"]
[White "Mateuzao_99"]
[Black "yorkrunnerxctrack"]
[Result "0-1"]
[WhiteElo "1490"]
[BlackElo "1697"]

1. e4 e5 2. Nf3 Nc6 3. Bb5 d6 4. Bxc6+ bxc6 5. d3 c5 6. Nc3 Nf6 7. Bg5 Be7 8.
Bxf6 Bxf6 9. h3 h6 10. Nd5 Rb8 11. Nxf6+ gxf6 12. b3 f5 13. Qe2 fxe4 14. Qxe4
Qf6 15. Qc6+ Kd8 16. Qe4 Bb7 17. Qg4 e4 0-1

[Event "AUTO-INT-747"]
[Site "http://www.queenalice.com/game.php?id=333633"]
[Date "2008.1.9"]
[Round "1"]
[White "yorkrunnerxctrack"]
[Black "Mateuzao_99"]
[Result "1-0"]
[WhiteElo "1687"]
[BlackElo "1490"]

1. e4 e5 2. Nf3 Nf6 3. Nc3 d6 4. d3 Bg4 5. Be2 Nc6 6. Bg5 Be7 7. Nd5 Bxf3 8.
Bxf3 Nd4 9. h4 h6 10. Bxf6 Bxf6 11. h5 Bg5 12. c3 Nxf3+ 13. Qxf3 c6 14. Nb4 a5
15. Nc2 Qb6 16. d4 Qxb2 17. Kd1 exd4 18. cxd4 f6 19. e5 1-0

[Event "AUTO-ADV-797"]
[Site "http://www.queenalice.com/game.php?id=350675"]
[Date "2008.2.8"]
[Round "1"]
[White "fugazeton2"]
[Black "yorkrunnerxctrack"]
[Result "1-0"]
[WhiteElo "1694"]
[BlackElo "1679"]

1. d4 d5 2. e3 Nf6 3. Nc3 Bf5 4. Nf3 e6 5. Be2 Bd6 6. O-O Nc6 7. Bd2 h6 8. Nh4
Be4 9. g3 g5 10. Nf3 Bxf3 11. Bxf3 e5 12. dxe5 Bxe5 13. Be1 h5 14. Bg2 d4 15.
exd4 Nxd4 16. Qd3 a6 17. Bxb7 Rb8 18. Bxa6 Rxb2 19. Rb1 Rxc2 20. Nb5 Ne2+ 21.
Kg2 Qxd3 22. Nxc7+ Rxc7 23. Bxd3 Nc1 24. Bb5+ Kd8 25. Ba5 Nxa2 26. Bxc7+ Bxc7
27. Ra1 Nc3 28. Ra8+ Ke7 29. Rxh8 Nxb5 30. Re1+ Kd6 31. Rf8 Ng4 32. Rxf7 Bb6 33.
h3 Ne5 34. Rf6+ Kd5 35. Rxb6 Nc3 36. Rb8 g4 37. h4 Nd3 38. Rd8+ Kc4 39. Rc8+ Kd4
40. Rd8+ Kc4 41. Rxd3 Kxd3 42. Re5 Ne4 43. Rxh5 1-0

[Event "AUTO-ADV-797"]
[Site "http://www.queenalice.com/game.php?id=350676"]
[Date "2008.2.8"]
[Round "1"]
[White "yorkrunnerxctrack"]
[Black "fugazeton2"]
[Result "0-1"]
[WhiteElo "1709"]
[BlackElo "1677"]

1. e4 c5 2. Bc4 e6 3. d3 a6 4. Bf4 Nc6 5. Nf3 d6 6. Nc3 e5 7. Be3 Nf6 8. h3 b5
9. Bd5 Bb7 10. Bg5 Be7 11. Bxf6 Bxf6 12. a3 O-O 13. Qd2 Rb8 14. O-O Na7 15. Bb3
a5 16. a4 b4 17. Ne2 Nc6 18. Bd5 Nd4 19. Nexd4 cxd4 20. c3 bxc3 21. bxc3 Bxd5
22. exd5 Qc7 23. c4 Rb4 24. Rfb1 Rfb8 25. Rxb4 Rxb4 26. Qd1 Qb6 27. Nd2 Rb2 28.
Ne4 Be7 29. Qh5 Rb1+ 30. Rxb1 Qxb1+ 31. Kh2 Qxd3 32. Qf5 Qxc4 33. Nd2 Qxd5 34.
Qc8+ Bf8 35. Nf3 e4 36. Nd2 e3 37. Nc4 e2 38. Nb6 e1=Q 39. Nxd5 Qe5+ 40. f4 Qxd5
41. g4 d3 0-1

[Event "AUTO-ADV-797"]
[Site "http://www.queenalice.com/game.php?id=350689"]
[Date "2008.2.8"]
[Round "1"]
[White "Hakkinen"]
[Black "yorkrunnerxctrack"]
[Result "1-0"]
[WhiteElo "1778"]
[BlackElo "1707"]

1. d4 d5 2. c4 Nf6 3. Nc3 dxc4 4. e4 Be6 5. d5 Bg4 6. f3 Bd7 7. Bxc4 c6 8. Nge2
e6 9. dxe6 fxe6 10. O-O e5 11. Bg5 h6 12. Bh4 g5 13. Bg3 Bd6 14. Qxd6 Rf8 15.
Bxe5 b5 16. Bb3 Qe7 17. Qxe7+ Kxe7 18. Rad1 g4 19. fxg4 Nxg4 20. Rxf8 Kxf8 21.
Bxb8 Rxb8 22. Rxd7 Ke8 23. Rxa7 b4 24. Na4 Rd8 25. h3 Ne3 26. Kf2 Nd1+ 27. Bxd1
1-0

[Event "AUTO-ADV-797"]
[Site "http://www.queenalice.com/game.php?id=350690"]
[Date "2008.2.8"]
[Round "1"]
[White "yorkrunnerxctrack"]
[Black "Hakkinen"]
[Result "0-1"]
[WhiteElo "1664"]
[BlackElo "1827"]

1. e4 c5 2. Bc4 d6 3. d3 Nf6 4. Be3 Nc6 5. Nc3 e5 6. Nf3 Bg4 7. h3 Bh5 8. Nb5 a6
9. Nc3 b5 10. Bd5 Nxd5 11. Nxd5 Ne7 12. Bg5 f6 13. Be3 Bf7 14. Nc3 b4 15. Na4
Ng6 16. a3 a5 17. Bd2 Qd7 18. c3 Qc6 19. cxb4 axb4 20. axb4 cxb4 21. Bxb4 Be7
22. O-O O-O 23. d4 Qb5 24. dxe5 Qxb4 25. exf6 Bxf6 26. Nc3 Qxb2 27. Rxa8 Rxa8
28. Na4 Qb3 29. Qxb3 Bxb3 30. Nb6 Ra1 31. Rxa1 Bxa1 32. Nd2 Bf7 33. Nc8 Bc3 34.
Nf3 Bb4 35. Nd4 Bc5 36. Nc6 Be8 37. N8e7+ Nxe7 38. Nxe7+ Kf8 39. Nf5 Bg6 40. Nh4
Bxe4 41. g4 d5 42. Kf1 d4 43. Ke1 d3 44. Kd2 Bxf2 0-1

[Event "AUTO-ADV-797"]
[Site "http://www.queenalice.com/game.php?id=350697"]
[Date "2008.2.8"]
[Round "1"]
[White "maues"]
[Black "yorkrunnerxctrack"]
[Result "1-0"]
[WhiteElo "1699"]
[BlackElo "1650"]

1. e4 e5 2. Bc4 Nf6 3. d3 Bc5 4. h3 d6 5. a3 Nc6 6. f4 h6 7. Nf3 g5 8. f5 Bd7 9.
Nc3 g4 10. Nd2 g3 11. Nb3 a6 12. Nxc5 dxc5 13. Nd5 b5 14. Ba2 Nh5 15. Qxh5 Nd4
16. Bb1 c6 17. Nc3 b4 18. Na4 bxa3 19. Rxa3 Qa5+ 20. Bd2 Qb5 21. Bc3 Rb8 22. Ba2
Rh7 23. Bxd4 cxd4 24. Qg4 c5 25. Qg8+ Ke7 26. Qxh7 c4 27. Bxc4 Qa5+ 28. Ke2 Bxa4
29. Qxf7+ Kd6 30. Qe6+ Kc7 31. b3 Re8 32. Qf7+ Kb6 33. bxa4 1-0

[Event "AUTO-ADV-797"]
[Site "http://www.queenalice.com/game.php?id=350698"]
[Date "2008.2.8"]
[Round "1"]
[White "yorkrunnerxctrack"]
[Black "maues"]
[Result "1-0"]
[WhiteElo "1693"]
[BlackElo "1642"]

1. e4 Nc6 2. Nf3 e5 3. Bc4 h6 4. d3 Bc5 5. Be3 Bxe3 6. fxe3 d6 7. Nc3 Bg4 8. h3
Bxf3 9. Qxf3 Nf6 10. g4 O-O 11. h4 a6 12. g5 hxg5 13. hxg5 Nh7 14. Qh5 Qxg5 15.
Qxh7# 1-0

[Event "AUTO-INT-747"]
[Site "http://www.queenalice.com/game.php?id=377439"]
[Date "2008.3.26"]
[Round "2"]
[White "yorkrunnerxctrack"]
[Black "C_kaverna"]
[Result "1-0"]
[WhiteElo "1632"]
[BlackElo "1606"]

1. e4 e5 2. Bc4 Nf6 3. Nc3 Nxe4 4. Nxe4 d5 5. Bb5+ c6 6. Ba4 dxe4 7. d3 exd3 8.
cxd3 Bc5 9. Nf3 Bg4 10. h3 Bxf3 11. Qxf3 Qa5+ 12. Bd2 Qxa4 13. Qe2 Bd4 14. Bc3
1-0

[Event "AUTO-INT-747"]
[Site "http://www.queenalice.com/game.php?id=377440"]
[Date "2008.3.26"]
[Round "2"]
[White "C_kaverna"]
[Black "yorkrunnerxctrack"]
[Result "0-1"]
[WhiteElo "1591"]
[BlackElo "1647"]

1. e4 e5 2. d4 Nc6 3. Nf3 d6 4. dxe5 dxe5 5. Qxd8+ Nxd8 6. Nxe5 Nf6 7. f3 Bd6 8.
Nc4 Nc6 9. Nxd6+ cxd6 10. Bg5 Nd4 11. Na3 h6 0-1

[Event "Challenge"]
[Site "http://www.queenalice.com/game.php?id=385854"]
[Date "2008.4.11"]
[Round "-"]
[White "yorkrunnerxctrack"]
[Black "rafajeff"]
[Result "0-1"]
[WhiteElo "1661"]
[BlackElo "1736"]

1. e4 e5 2. Nf3 Bd6 3. Nc3 c6 4. d3 Bc5 5. Nxe5 Qf6 6. Ng4 Qd4 7. Be3 Qb4 8. a3
Qxb2 9. Na4 Qb5 10. c4 Qa5+ 11. Bd2 Bxf2+ 12. Nxf2 Qe5 13. Bc3 Qg5 14. h4 Qe7
15. Bxg7 f6 16. Bxh8 b5 17. cxb5 cxb5 18. Rc1 Nc6 19. Nc5 Qf7 20. Qe2 d6 21. Nb3
Bb7 22. Nd2 Rc8 23. Qe3 Rc7 24. a4 bxa4 25. Nc4 Re7 26. Nxd6+ Kf8 27. Nxf7 Rxf7
0-1

[Event "AUTO-INT-729"]
[Site "http://www.queenalice.com/game.php?id=405174"]
[Date "2008.5.19"]
[Round "2"]
[White "lepiaf"]
[Black "yorkrunnerxctrack"]
[Result "1-0"]
[WhiteElo "1653"]
[BlackElo "1632"]

1. Nc3 e5 2. e4 Nc6 3. Bc4 Bb4 4. Qf3 Nh6 5. d3 Nd4 6. Qd1 d6 7. Bd2 Qf6 8. Nd5
Bxd2+ 9. Qxd2 Qd8 10. c3 Ne6 11. O-O-O 1-0

[Event "AUTO-INT-729"]
[Site "http://www.queenalice.com/game.php?id=405175"]
[Date "2008.5.19"]
[Round "2"]
[White "yorkrunnerxctrack"]
[Black "lepiaf"]
[Result "0-1"]
[WhiteElo "1648"]
[BlackElo "1637"]

1. e4 e5 2. Nc3 Nf6 3. Nf3 d6 4. Bc4 Ng4 5. d3 h6 6. h3 Nf6 7. Be3 c6 8. d4 Nbd7
9. d5 Nb6 10. Qd3 c5 0-1